Every Player - VCT AMERICAS - Statistics

General Stats
  • This quiz has been taken 711 times
    18 since last reset
  • The average score is 73 of 140
Answer Stats
Year Nationality Team(s) Answer % Correct
2023 / 2024 / 2025 / 2026 br.webp 62bbec8dc1b9f.png 61b8888cc3860.png 632be7626d6d9.png aspas
92%
2023 / 2024 / 2025 / 2026 us.webp 603c00d5c5a08.png 62875027c8e06.png 603c00d5c5a08.png bang
83%
2023 / 2024 / 2025 ca.webp 6610f026c1a9e.png FiNESSE
83%
2025 / 2026 ca.webp 6610f026c1a9e.png mada
83%
2025 / 2026 us.webp 628addcbd509e.png v1c
83%
2023 / 2024 / 2025 / 2026 us.webp 628addcbd509e.png 62875027c8e06.png 628addcbd509e.png Zellsis
83%
2023 lv.webp 6610f026c1a9e.png ardiis
75%
2025 / 2026 us.webp 6610f026c1a9e.png brawk
75%
2025 / 2026 br.webp 632be7626d6d9.png 62875027c8e06.png cortezia
75%
2023 / 2024 / 2025 / 2026 us.webp 603c00d5c5a08.png Cryo
75%
2023 / 2024 / 2025 / 2026 ru.webp 667462f046618.png 6610f026c1a9e.png 61b8888cc3860.png 628addcbd509e.png 5f3ca822464a3.png Demon1
75%
2024 / 2025 / 2026 ca.webp 603c00d5c5a08.png 632be843b7d51.png eeiu
75%
2023 / 2024 / 2025 / 2026 kh.webp 667462f046618.png 633822848a741.png jawgemo
75%
2024 / 2025 / 2026 ma.webp 62875027c8e06.png johnqt
75%
2024 / 2025 / 2026 ca.webp 633822848a741.png 62875027c8e06.png JonahP
75%
2023 / 2024 / 2025 / 2026 us.webp 628addcbd509e.png 633822848a741.png leaf
75%
2023 / 2024 br.webp 632be843b7d51.png 632be7626d6d9.png mazin
75%
2023 / 2024 / 2025 / 2026 cl.webp 61b8888cc3860.png 63976677069e1.png 632be7626d6d9.png Mazino
75%
2024 / 2025 / 2026 us.webp 628addcbd509e.png OXY
75%
2023 / 2024 / 2025 / 2026 br.webp 62875027c8e06.png 62bbec8dc1b9f.png pANcada
75%
2023 / 2024 / 2025 us.webp 6610f026c1a9e.png s0m
75%
2023 / 2024 / 2026 ar.webp 62bbec8dc1b9f.png 63976677069e1.png saadhak
75%
2023 / 2024 br.webp 62875027c8e06.png Sacy
75%
2025 / 2026 br.webp 67725c368d524.png 61b8888cc3860.png spike
75%
2023 / 2024 ca.webp 62875027c8e06.png TenZ
75%
2024 / 2025 / 2026 de.webp 61b8888cc3860.png 632be7626d6d9.png tex
75%
2024 / 2025 / 2026 us.webp 633822848a741.png trent
75%
2024 / 2025 / 2026 us.webp 633822848a741.png valyn
75%
2023 / 2024 / 2025 / 2026 us.webp 62875027c8e06.png 632be7626d6d9.png zekken
75%
2023 / 2024 / 2025 / 2026 us.webp 603c00d5c5a08.png Asuna
67%
2025 / 2026 us.webp 633822848a741.png BABYBAY
67%
2026 vn.webp 667462f046618.png bao
67%
2023 / 2024 / 2025 us.webp 667462f046618.png 603c00d5c5a08.png Boostio
67%
2023 / 2024 us.webp 6610f026c1a9e.png crashies
67%
2023 / 2025 / 2026 br.webp 632be843b7d51.png 62bbec8dc1b9f.png 667462f046618.png dgzin
67%
2023 / 2024 / 2025 / 2026 us.webp 667462f046618.png 6610f026c1a9e.png Ethan
67%
2023 / 2024 / 2025 br.webp 632be7626d6d9.png 63976677069e1.png 632be843b7d51.png heat
67%
2026 in.webp 62875027c8e06.png Jerrwin
67%
2026 gb.webp 6610f026c1a9e.png Keiko
67%
2023 / 2024 / 2025 / 2026 cl.webp 63976677069e1.png 5f3ca822464a3.png keznit
67%
2026 ca.webp 62875027c8e06.png Kyu
67%
2023 / 2024 / 2026 br.webp 62bbec8dc1b9f.png 63976677069e1.png Less
67%
2024 / 2025 us.webp 667462f046618.png NaturE
67%
2025 / 2026 vn.webp 61b8888cc3860.png 667462f046618.png Okeanos
67%
2026 us.webp 5f3ca822464a3.png P0PPIN
67%
2026 us.webp 62875027c8e06.png Reduxx
67%
2025 / 2026 br.webp 61b8888cc3860.png Sato
67%
2025 / 2026 us.webp 6610f026c1a9e.png skuba
67%
2025 / 2026 us.webp 6610f026c1a9e.png 632be7626d6d9.png Verno
67%
2023 / 2024 / 2025 / 2026 us.webp 628addcbd509e.png Xeppaa
67%
2025 us.webp 667462f046618.png yay
67%
2025 us.webp 603c00d5c5a08.png zander
67%
2024 / 2025 / 2026 br.webp 632be7626d6d9.png 632be843b7d51.png artzin
58%
2023 / 2024 / 2025 / 2026 us.webp 667462f046618.png 61b8888cc3860.png 667462f046618.png C0M
58%
2023 / 2024 / 2025 / 2026 br.webp 62bbec8dc1b9f.png cauanzin
58%
2023 gb.webp 62875027c8e06.png dephh
58%
2026 us.webp 5f3ca822464a3.png Eggsterr
58%
2025 br.webp 67725c368d524.png gobera
58%
2026 kr.webp 63976677069e1.png Governor
58%
2024 / 2025 us.webp 633822848a741.png 667462f046618.png icy
58%
2026 us.webp 5f3ca822464a3.png Inspire
58%
2025 kr.webp 603c00d5c5a08.png Kess
58%
2023 / 2024 / 2025 / 2026 cl.webp 61b8888cc3860.png kiNgg
58%
2025 / 2026 us.webp 62875027c8e06.png N4RRATE
58%
2026 ar.webp 61b8888cc3860.png Neon
58%
2025 / 2026 ca.webp 632be843b7d51.png 628addcbd509e.png penny
58%
2025 / 2026 us.webp 61b8888cc3860.png 5f3ca822464a3.png Rossy
58%
2023 / 2024 / 2025 cl.webp 61b8888cc3860.png 63976677069e1.png Shyy
58%
2024 / 2025 / 2026 us.webp 667462f046618.png supamen
58%
2023 / 2024 / 2026 us.webp 6610f026c1a9e.png 62875027c8e06.png Victor
58%
2025 / 2026 do.webp 62bbec8dc1b9f.png Virtyy
58%
2026 br.webp 61b8888cc3860.png blowz
50%
2025 / 2026 ar.webp 63976677069e1.png Dantedeu5
50%
2026 co.webp 62bbec8dc1b9f.png Darker
50%
2023 / 2024 2025 us.webp 603c00d5c5a08.png 667462f046618.png Derrek
50%
2026 us.webp 628addcbd509e.png Jackk
50%
2026 ca.webp 632be843b7d51.png koalanoob
50%
2025 / 2026 br.webp 62bbec8dc1b9f.png luk xo
50%
2023 / 2024 ca.webp 62875027c8e06.png 6610f026c1a9e.png Marved
50%
2025 us.webp 628addcbd509e.png mitch
50%
2025 fr.webp 61b8888cc3860.png nataNk
50%
2026 us.webp 632be843b7d51.png nerve
50%
2025 nl.webp 62bbec8dc1b9f.png RobbieBk
50%
2023 / 2024 us.webp 628addcbd509e.png runi
50%
2025 / 2026 br.webp 67725c368d524.png 63976677069e1.png silentzz
50%
2026 ca.webp 603c00d5c5a08.png Timotino
50%
2026 kg.webp 632be843b7d51.png alym
42%
2026 cl.webp 62bbec8dc1b9f.png erde
42%
2023 / 2024 / 2025 us.webp 628addcbd509e.png 632be843b7d51.png jakee
42%
2025 br.webp 67725c368d524.png lz
42%
2024 / 2026 cl.webp 63976677069e1.png mta
42%
2024 / 2025 us.webp 633822848a741.png 628addcbd509e.png neT
42%
2026 bm.webp 628addcbd509e.png Notexxd
42%
2023 / 2024 / 2025 ar.webp 632be843b7d51.png 61b8888cc3860.png 632be7626d6d9.png nzr
42%
2024 / 2025 br.webp 632be7626d6d9.png 632be843b7d51.png Palla
42%
2025 / 2026 us.webp 67725c368d524.png 61b8888cc3860.png PxS
42%
2023 / 2024 br.webp 632be843b7d51.png 62bbec8dc1b9f.png Quick
42%
2023 / 2025 us.webp 603c00d5c5a08.png 632be843b7d51.png stellar
42%
2023 / 2024 / 2025 br.webp 62bbec8dc1b9f.png 632be843b7d51.png tuyz
42%
2024 us.webp 628addcbd509e.png vanity
42%
2026 us.webp 603c00d5c5a08.png vora
42%
2025 br.webp 632be7626d6d9.png xenom
42%
2025 cl.webp 63976677069e1.png 632be843b7d51.png adverso
33%
2024 ca.webp 667462f046618.png Apoth
33%
2026 pt.webp 62bbec8dc1b9f.png Bati
33%
2023 us.webp 667462f046618.png BcJ
33%
2026 cl.webp 63976677069e1.png benG
33%
2023 co.webp 63976677069e1.png DaveeyS
33%
2026 vn.webp 63976677069e1.png infiltrator
33%
2023 / 2024 / 2025 br.webp 632be843b7d51.png Khalil
33%
2023 / 2024 / 2025 cl.webp 63976677069e1.png Melser
33%
2024 ca.webp 628addcbd509e.png moose
33%
2023 / 2024 / 2025 / 2026 br.webp 632be843b7d51.png 63976677069e1.png mwzera
33%
2026 us.webp 667462f046618.png Paincakes
33%
2025 br.webp 632be843b7d51.png raafa
33%
2023 cl.webp 61b8888cc3860.png Tacolilla
33%
2025 br.webp 632be843b7d51.png Urango
33%
2025 br.webp 62bbec8dc1b9f.png v1nny
33%
2024 ru.webp 628addcbd509e.png wippie
33%
2025 us.webp 632be843b7d51.png bdog
25%
2023 / 2024 br.webp 632be7626d6d9.png frz
25%
2023 / 2024 br.webp 632be7626d6d9.png jzz
25%
2023 br.webp 632be7626d6d9.png murizzz
25%
2023 / 2026 cl.webp 63976677069e1.png NagZ
25%
2024 us.webp 632be7626d6d9.png Pa1nt
25%
2025 br.webp 67725c368d524.png 632be843b7d51.png 67725c368d524.png pryze
25%
2024 br.webp 632be7626d6d9.png rich
25%
2024 us.webp 632be7626d6d9.png ShahZaM
25%
2025 br.webp 67725c368d524.png Zap
25%
2026 us.webp 667462f046618.png zerona
25%
2025 us.webp 632be843b7d51.png Add3r
17%
2024 / 2025 br.webp 632be843b7d51.png havoc
17%
2023 / 2024 ar.webp 63976677069e1.png Klaus
17%
2023 / 2024 br.webp 632be7626d6d9.png RgLMeister
17%
2023 br.webp 632be7626d6d9.png TxoziN
17%
2025 br.webp 67725c368d524.png Askia
8%
2023 br.webp 63976677069e1.png axeddy
8%
2024 br.webp 632be843b7d51.png kon4n
8%
2024 br.webp 632be843b7d51.png 632be7626d6d9.png liazzi
8%
2024 br.webp 632be843b7d51.png xand
8%
No matching quizzes found
Score Distribution
Percent of People with Each Score
Percentile by Number Answered
Your Score History
You have not taken this quiz since the last reset